Kemajuan Pentadbiran Awam di Malaysia=Development of public admistration in Malaysia : selected speeches of Tan Sri Dato' Seri Ahmad Bin Abdul Hamid, Chief secretary to the government, Malaysia :

Bibliographic Details
Main Author: Ahmad Sarji bin Abdul Hamid (Author)
Format: Book
Language:Malay
Published: Kuala Lumpur : INTAN 1992
Subjects:

MARC

LEADER 00000cam a2200000 7i4500
001 0000014231
005 20241024.0
008 040217 my may
020 |a 967993313X (hbk) 
040 |a INS   |b eng   |e rda 
090 0 0 |a JQ716   |b .A36 1992 
100 0 |a Ahmad Sarji bin Abdul Hamid ,   |e author 
245 1 0 |a Kemajuan Pentadbiran Awam di Malaysia=Development of public admistration in Malaysia :   |b selected speeches of Tan Sri Dato' Seri Ahmad Bin Abdul Hamid, Chief secretary to the government, Malaysia :   |b Koleksi ucapan-ucapan dalam tahun 1991   |c Ahmad Sarji bin Abdul Hamid 
264 1 |a Kuala Lumpur :   |b INTAN   |c 1992 
300 |a xiii, 507 pages ;   |c 21 cm. 
336 |a text  |2 rdacontent 
337 |a unmediated  |2 rdamedia 
338 |a volume  |2 rdacarrier 
650 0 |a Civil service   |z Malaysia 
650 0 |a Public administration   |z Malaysia 
651 0 |a Malaysia   |x Economic policy 
999 |a 0000005351   |b BOOK   |c Open Shelf   |e Default branch 
999 |a 0000014316   |b BOOK   |c Open Shelf   |e Default branch 
999 |a 0000014317   |b BOOK   |c Open Shelf   |e Default branch 
999 |a 0000014791   |b BOOK   |c Open Shelf   |e Default branch 
999 |a 0000014792   |b BOOK   |c Open Shelf   |e Default branch 
999 |a 0000014793   |b BOOK   |c Open Shelf   |e Default branch 
999 |a 0000014794   |b BOOK   |c Open Shelf   |e Default branch 
999 |a 0000014795   |b BOOK   |c Open Shelf   |e Default branch